00626nam a2200157 a 4500008004100000020001800041050001500059110009600074245012500170260009500295300002200390350000900412650002000421650001500441650001200456110331s2009 ||||||||||||||||| || u a9788993841039 aG 2330 Nat aNational Geographic Information Institute, Ministry of Land, Transport and Maritime affairs14aThe national atlas of KoreacNational Geographic Information Institute, Ministry of Land, Transport and Maritime affairs aGyeonggi-Do, The Republic of KoreabNational Geographic Information Institute (NGII)c2009 a[vi], 192p.: ill. a0.00 aATLASES, KOREAN aKOREA--MPS aATLASES